|
|
|
|
| LEADER |
00999naa a2200205 i 4500 |
| 001 |
acta58323 |
| 005 |
20260224081030.0 |
| 008 |
190606s2013 hu o 000 hun d |
| 020 |
|
|
|a 978-963-9573-97-0
|
| 024 |
7 |
|
|a 10.14232/belvbook.2013.58504.d
|2 doi
|
| 040 |
|
|
|a SZTE Egyetemi Kiadványok Repozitórium
|b hun
|
| 041 |
|
|
|a hun
|
| 100 |
1 |
|
|a Tóth Edit
|
| 245 |
1 |
3 |
|a Az osztályok és az iskolák közötti különbségek változása egy évtized távlatában Hódmezővásárhelyen
|h [elektronikus dokumentum] /
|c Tóth Edit
|
| 260 |
|
|
|c 2013
|
| 300 |
|
|
|a 71-86
|
| 490 |
0 |
|
|a A szegedi és hódmezővásárhelyi deszegregációt támogató Hallgatói Mentorprogram : öt év tapasztalatai
|
| 695 |
|
|
|a Cigány gyermekek nevelése - Magyarország, Hódmezővásárhely, Oktatásügy - Magyarország, Hátrányos helyzet - oktatásügy - cigány gyermekek - Magyarország
|
| 700 |
0 |
1 |
|a Molnár Gyöngyvér
|e aut
|
| 856 |
4 |
0 |
|u http://acta.bibl.u-szeged.hu/58323/1/2013_mentorkonyv_071-086.pdf
|z Dokumentum-elérés
|